000 00797nam a2200205Ia 4500
003 GCL
008 140319s9999 xx 000 0 ara d
040 _aGCL /
_cGCL
082 0 4 _a102
_bم ق
100 1 _aمحمد عابد الجابرى
245 1 0 _aقضايا فى الفكر المعاصر :
_bالعولمة - صراع الحضارات - العودة الى الاخلاق - التسامح - الديمقراطية ونظام القيم - الفلسفة والمدنية /
_cمحمد عابد الجابرى
300 _a156 ص ؛
_c24 سم
490 _aمركز دراسات الوحده العربية
_v0
650 0 4 _aالفلسفة
650 0 4 _aالحضارة
650 0 4 _aالديمقراطية
650 0 4 _aالاخلاق
650 0 4 _aالعولمة
942 _2ddc
_cBK
999 _c50910
_d50910